Organization and management of fish sanctuary in fishing lots N 4 and 5 ,kompong thom province, ការរៀបចំ និងគ្រប់គ្រងទីជំរកសុខសាន្តមេពូជមច្ឆជាតិ នៅឡូតនេសាទលេខ ៤ និង ៥ នៅខេត្តកំពង់ធំ (Record no. 4334)

000 -LEADER
fixed length control field 00698nam a22001577a 4500
003 - CONTROL NUMBER IDENTIFIER
control field OSt
005 - DATE AND TIME OF LATEST TRANSACTION
control field 20151210112219.0
008 - FIXED-LENGTH DATA ELEMENTS--GENERAL INFORMATION
fixed length control field 151210b xxu||||| |||| 00| 0 eng d
040 ## - CATALOGING SOURCE
Transcribing agency RUA
082 ## - DEWEY DECIMAL CLASSIFICATION NUMBER
Classification number ATM EM 2004 B205 Or.1
100 ## - MAIN ENTRY--PERSONAL NAME
9 (RLIN) 4650
Personal name EM, PHEAN
245 ## - TITLE STATEMENT
Title Organization and management of fish sanctuary in fishing lots N 4 and 5 ,kompong thom province, ការរៀបចំ និងគ្រប់គ្រងទីជំរកសុខសាន្តមេពូជមច្ឆជាតិ នៅឡូតនេសាទលេខ ៤ និង ៥ នៅខេត្តកំពង់ធំ
260 ## - PUBLICATION, DISTRIBUTION, ETC. (IMPRINT)
Place of publication, distribution, etc. Phnom Penh
Name of publisher, distributor, etc. RUA
Date of publication, distribution, etc. 2004
300 ## - PHYSICAL DESCRIPTION
Extent iv, 39p.
Other physical details ill.
Dimensions 29cm.
942 ## - ADDED ENTRY ELEMENTS (KOHA)
Source of classification or shelving scheme
Koha item type ATM
Holdings
Price effective from Date last seen Permanent Location Not for loan Date acquired Source of classification or shelving scheme Koha item type Barcode Lost status Damaged status Withdrawn status Current Location Full call number
2015-12-102015-12-10Library Block B 2015-12-10 ATMRUA009378   Library Block BATM EM 2004 B205 Or.1
2015-12-102015-12-10Library Block B 2015-12-10 ATMRUA017904   Library Block BATM EM 2004 B205 Or.2
2015-12-102015-12-10Library Block B 2015-12-10 ATMRUA009596   Library Block BATM EM 2004 B205 Or.3
2015-12-102015-12-10Library Block B 2015-12-10 ATMRUA018148   Library Block BATM EM 2004 B205 Or.4
2015-12-102015-12-10Library Block B 2015-12-10 ATMRUA009358   Library Block BATM EM 2004 B205 Or.5
2015-12-102015-12-10Library Block B 2015-12-10 ATMRUA009633   Library Block BATM EM 2004 B205 Or.6
2015-12-102015-12-10Library Block B 2015-12-10 ATMRUA033453   Library Block BATM EM 2004 B205 Or.7
2015-12-102015-12-10Library Block B 2015-12-10 ATMRUA034098   Library Block BATM EM 2004 B205 Or.8
2015-12-102015-12-10Library Block B 2015-12-10 ATMRUA034613   Library Block BATM EM 2004 B205 Or.9
2015-12-102015-12-10Library Block B 2015-12-10 ATMRUA034241   Library Block BATM EM 2004 B205 Or.10
មជ្ឈមណ្ឌលឯការនៃសាកលវិទ្យាល័យភូមិន្ទកសិកម្មចំការដូង

Powered by Koha